El santo incomparable: pensamientos en torno a Francisco de Asís

Salvato in:
Dettagli Bibliografici
Autore principale: Lortz, Joseph (autor)
Natura: Libro
Lingua:spagnolo
Pubblicazione: Madrid Cenpro 1964
Soggetti:
Tags: Aggiungi Tag
Nessun Tag, puoi essere il primo ad aggiungerne!!

MARC

LEADER 00000nam a2200000 a 4500
001 UCI4466
003 CL-VaPUC
008 080118e19640000SP |||||||||||||||||spa|d
082 0 4 |a 922.22  |b LOR  |2 21 
100 |a Lortz, Joseph  |e autor  |9 588381 
245 1 3 |a El santo incomparable: pensamientos en torno a Francisco de Asís 
300 |a 91 p 
942 |c BK 
945 |d 20080118 00:00:00  |a rbrito 
260 |a Madrid  |b Cenpro  |c 1964 
500 |a Donación Padres Capuchinos 
600 0 7 |a SAN FRANCISCO DE ASIS  |2 CL-VaPUC  |9 342281 
650 0 |a Biografías  |9 255210 
650 7 |a SANTOS  |2 CL-VaPUC  |9 313738 
650 0 |a Vida religiosa  |9 257284 
650 0 |a Espiritualidad   |9 267331 
583 |a last modification  |c 20080118 00:00:00  |k Rodrigo Vera 
999 |c 328408  |d 328406 
952 |0 0  |1 0  |4 0  |6 922_220000000000000_LOR_1964  |7 0  |8 X  |9 412279  |a FDOBUD  |b FDOBUD  |d 2019-11-22  |i 4402251  |o 922.22 LOR 1964  |p 4402251  |r 2019-11-22  |w 2019-11-22  |y BK_X  |k BUD